Statistics for Diaspora-Catalonia

Click here to take the quiz!

General Stats

  • This quiz has been taken 57 times
  • The average score is 9 of 10

Answer Stats

Number of immigrants Continent Country % Correct
188.000South AmericaArgentina
100%
432.112EuropeFrance
98%
63.000North AmericaMexico
96%
16.000South AmericaChile
91%
6.100South AmericaColombia
91%
48.000EuropeGermany
89%
23.000EuropeItaly
87%
39.000South AmericaPeru
83%
6.200South AmericaVenezuela
76%
29.000EuropeAndorra
59%

Score Distribution

Percentile by Number Answered

Percent of People with Each Score

Your Score History

You have not taken this quiz